FACTORES PARA LA INTEGRACION LATINOAMERICANA (Registro nro. 5329)
[ vista simple ]
| 000 -LEADER | |
|---|---|
| fixed length control field | 00586nam a2200193 a 4500 |
| 001 - CONTROL NUMBER | |
| control field | 5329 |
| 005 - DATE AND TIME OF LATEST TRANSACTION | |
| control field | 20180713185204.0 |
| 008 - FIXED-LENGTH DATA ELEMENTS--GENERAL INFORMATION | |
| fixed length control field | 140415s1969 mx 000 0 spa d |
| 041 ## - LANGUAGE CODE | |
| Language code of text/sound track or separate title | spa |
| 082 ## - DEWEY DECIMAL CLASSIFICATION NUMBER | |
| Classification number | 330.9 |
| Item number | BAN |
| 100 1# - MAIN ENTRY--PERSONAL NAME | |
| Personal name | BANCO INTERAMERICANO DE DESARROLLO |
| 245 10 - TITLE STATEMENT | |
| Title | FACTORES PARA LA INTEGRACION LATINOAMERICANA |
| 250 ## - EDITION STATEMENT | |
| Edition statement | 1a ed. |
| 260 ## - PUBLICATION, DISTRIBUTION, ETC. | |
| Place of publication, distribution, etc. | MEXICO : |
| Name of publisher, distributor, etc. | FONDO DE CULTURA ECONOMICA, |
| Date of publication, distribution, etc. | 1969 |
| 300 ## - PHYSICAL DESCRIPTION | |
| Extent | 247 |
| 490 ## - SERIES STATEMENT | |
| Series statement | SECCION DE OBRAS DE ECONOMIA |
| 650 14 - SUBJECT ADDED ENTRY--TOPICAL TERM | |
| Topical term or geographic name entry element | AMERICA LATINA |
| General subdivision | CONDICIONES ECONOMICAS |
| -- | ECONOMIA |
| 700 1# - ADDED ENTRY--PERSONAL NAME | |
| Personal name | HERRERA, FELIPE |
| Relator term | pról. |
| Withdrawn status | Lost status | Source of classification or shelving scheme | Damaged status | Not for loan | Home library | Current library | Shelving location | Date acquired | Source of acquisition | Total Checkouts | Full call number | Barcode | Price effective from | Koha item type | Collection code | Inventory number | Date last seen | Date last checked out |
|---|---|---|---|---|---|---|---|---|---|---|---|---|---|---|---|---|---|---|
| No inventariado | Dewey Decimal Classification | Biblioteca Karol Wojtyla | Biblioteca Karol Wojtyla | 03/12/2013 | Compra | 330.9 BAN | 9761 | 03/12/2013 | Libro | |||||||||
| Dewey Decimal Classification | Biblioteca Karol Wojtyla | Biblioteca Karol Wojtyla | Sala general | 03/12/2013 | Compra | 330.9 BAN | 1706 | 03/12/2013 | Libro | General | 151000000000000000049582 | 05/01/2026 | 01/12/2016 |